[Event "13sen.WMH 2003 Senioren"]
[Site "Bad Zwischenahn(17.11.-29.11.2003)"]
[Date "2003.11.29"]
[Round "4.17"]
[White "Kristiansen, Erling"]
[Black "Niebling, Ferdinand"]
[Result "1/2-1/2"]
[WhiteElo "2211"]
[BlackElo "2068"]
[PlyCount "64"]


1. d4 f5 2. c4 Nf6 3. Nc3 g6 4. g3 Bg7 5. Bg2 O-O 6. Nf3 d6 7. O-O Qe8 8. d5
Na6 9. Nd4 Nc5 10. Ncb5 Qd8 11. b4 a6 12. bxc5 axb5 13. cxd6 bxc4 14. dxe7 Qxe7
15. a4 Rd8 16. Qc2 Nxd5 17. Qxc4 Qf7 18. e3 Nb6 19. Qc2 Qc4 20. Qb1 Rxa4 21.
Bb2 Rxa1 22. Bxa1 Qf7 23. Rc1 Nc4 24. Bxb7 Nd2 25. Qb5 Bxb7 26. Qxb7 c5 27.
Qxf7+ Kxf7 28. Rxc5 Bxd4 29. Rc7+ Kg8 30. exd4 Nf3+ 31. Kg2 Nxd4 32. f3 Ne6
1/2-1/2

[Event "13sen.WMH 2003 Senioren"]
[Site "Bad Zwischenahn(17.11.-29.11.2003)"]
[Date "2003.11.29"]
[Round "4.19"]
[White "Davydov, Mikhail"]
[Black "Kanko, Ilkka"]
[Result "0-1"]
[WhiteElo "2010"]
[BlackElo "2264"]
[PlyCount "20"]


1. e4 c5 2. Nf3 e6 3. d4 cxd4 4. Nxd4 a6 5. Bd3 Bc5 6. Qg4 Bxd4 7. c3 Nf6 8.
Qxg7 Rg8 9. Qxg8+ Nxg8 10. cxd4 Nc6 0-1

[Event "13sen.WMH 2003 Senioren"]
[Site "Bad Zwischenahn(17.11.-29.11.2003)"]
[Date "2003.??.??"]
[Round "4.20"]
[White "Gudat, Alfons"]
[Black "Joksic, Sinisa"]
[Result "0-1"]
[WhiteElo "2040"]
[BlackElo "2271"]
[PlyCount "78"]


1. e4 c5 2. Nf3 e6 3. c3 d5 4. e5 a6 5. d4 Nc6 6. Be2 f5 7. exf6 Nxf6 8. O-O
Bd6 9. Bg5 O-O 10. Nbd2 c4 11. b3 b5 12. a4 Rb8 13. axb5 axb5 14. b4 Qc7 15.
Bh4 e5 16. Nxe5 Nxe5 17. dxe5 Bxe5 18. Nf3 Bxc3 19. Rc1 Bxb4 20. Bxf6 Rxf6 21.
Qxd5+ Be6 22. Qe4 Bd6 23. Rcd1 Bf7 24. Rfe1 Re6 25. Qc2 Bg6 26. Qa2 Bc5 27. Rd2
Kh8 28. Red1 Rbe8 29. Bf1 c3 30. Rd7 c2 31. Qa1 Bxf2+ 32. Kh1 Qxd7 33. Rxd7 Rf6
34. Rc7 Bb6 35. Qc3 b4 36. Qc4 Bxc7 37. Qxc7 b3 38. Qc3 Rb8 39. Qb2 c1=Q 0-1

[Event "13sen.WMH 2003 Senioren"]
[Site "Bad Zwischenahn(17.11.-29.11.2003)"]
[Date "2003.11.29"]
[Round "4.32"]
[White "Neese, Hans-Joachim"]
[Black "Fritsch, Juergen,Dr."]
[Result "1/2-1/2"]
[WhiteElo "2132"]
[BlackElo "1851"]
[PlyCount "136"]


1. d4 d5 2. Nf3 Bf5 3. c4 Bxb1 4. Rxb1 c6 5. Qc2 e6 6. a3 Nf6 7. e3 Nbd7 8. b4
a6 9. Bd3 g6 10. O-O Bg7 11. a4 O-O 12. Ba3 b5 13. cxb5 cxb5 14. axb5 axb5 15.
Rb3 Qb6 16. Rc1 Rfc8 17. Qe2 Rxc1+ 18. Bxc1 Rb8 19. Nd2 Ne8 20. Rb1 Nd6 21. Nb3
Nc4 22. Bd2 Qc6 23. Be1 Ndb6 24. Na5 Qd7 25. g4 f5 26. Nb3 Ra8 27. Nc5 Qc8 28.
h4 Kf7 29. h5 Qd8 30. hxg6+ hxg6 31. Qf3 Qg5 32. Qg3 Qxg4 33. Qxg4 fxg4 34. Be2
g3 35. Bg4 gxf2+ 36. Bxf2 e5 37. Ne6 e4 38. Nc7 Rd8 39. Nxb5 Bh6 40. Rb3 Nd2
41. Rc3 Nbc4 42. Nc7 Rd6 43. Be2 Nb6 44. b5 Nf3+ 45. Kg2 Rf6 46. Na6 g5 47.
Rc7+ Kg6 48. Nb4 g4 49. Rc6 Kf5 50. Rc5 Rd6 51. Bg3 Rd7 52. Kf2 Bf8 53. Rc6
Bxb4 54. Rxb6 Ra7 55. Ra6 Rh7 56. Ra1 Rb7 57. Rb1 Ba5 58. Kg2 Nd2 59. Ra1 Bd8
60. Bf4 Nc4 61. Kg3 Rxb5 62. Bxg4+ Kg6 63. Be6 Bg5 64. Ra6 Rb6 65. Rxb6 Nxb6
66. Bc7 Nc4 67. Bxd5 Bxe3 68. Bxc4 Bxd4 1/2-1/2

[Event "13sen.WMH 2003 Senioren"]
[Site "Bad Zwischenahn(17.11.-29.11.2003)"]
[Date "2003.11.20"]
[Round "4.36"]
[White "Goy, Udo"]
[Black "Rychlik, Kurt"]
[Result "1-0"]
[WhiteElo "2180"]
[BlackElo "1868"]
[PlyCount "53"]


1. d4 Nf6 2. c4 c6 3. Nc3 d5 4. e3 e6 5. Nf3 Bd6 6. a3 a5 7. Bd3 dxc4 8. Bxc4
Nbd7 9. e4 Be7 10. O-O O-O 11. Qe2 Qc7 12. Bg5 e5 13. Rad1 b5 14. Bd3 exd4 15.
Nxd4 Ne5 16. Bf4 b4 17. Bxe5 Qxe5 18. Nxc6 Qc7 19. Nd5 Nxd5 20. exd5 Bd6 21.
axb4 axb4 22. h3 Bb7 23. Rc1 Rfe8 24. Qf3 Qb6 25. Rc4 Ra2 26. Bxh7+ Kxh7 27.
Qxf7 1-0

[Event "13sen.WMH 2003 Senioren"]
[Site "Bad Zwischenahn(17.11.-29.11.2003)"]
[Date "2003.11.29"]
[Round "4.43"]
[White "Kaner, Klim"]
[Black "Werchan, Hans,Dr."]
[Result "1-0"]
[WhiteElo "1911"]
[BlackElo "2022"]
[PlyCount "141"]


1. g3 c5 2. c4 Nf6 3. Bg2 d5 4. cxd5 Nxd5 5. a3 Nc6 6. e4 Nc7 7. Ne2 e5 8. Nbc3
Be6 9. d3 Qd7 10. f4 f6 11. f5 Bf7 12. Be3 Rd8 13. Nc1 Be7 14. O-O Nd4 15. Rf2
b6 16. Rb1 a5 17. Qg4 g5 18. Qd1 h5 19. g4 hxg4 20. Qxg4 b5 21. Qg3 b4 22. axb4
axb4 23. N3e2 Bd6 24. b3 Ra8 25. h4 gxh4 26. Qg7 Rg8 27. Qxf6 h3 28. Nxd4 cxd4
29. Bg5 hxg2 30. Rxg2 Qe7 31. Qh6 Qf8 32. Qh4 Rh8 33. Qg3 Qg7 34. Rbb2 Rh5 35.
Ne2 Ra1+ 36. Kf2 Nb5 37. Qg4 Qh7 38. f6 Kd8 39. Ng3 Rh2 40. Nf5 Rxg2+ 41. Qxg2
Qh1 42. Qxh1 Rxh1 43. Nxd6 Nxd6 44. Bd2 Ne8 45. Kg2 Rd1 46. Bxb4 Nxf6 47. Rf2
Nd5 48. Ba5+ Ke8 49. exd5 Bxd5+ 50. Kg3 Rxd3+ 51. Kg4 Be6+ 52. Kg5 Kd7 53. b4
Rg3+ 54. Kf6 e4 55. Ke5 e3 56. Rc2 e2 57. Rc7+ Ke8 58. b5 Re3+ 59. Kxd4 e1=Q
60. Bxe1 Rxe1 61. b6 Bd7 62. b7 Rd1+ 63. Ke5 Re1+ 64. Kd4 Rd1+ 65. Ke3 Re1+ 66.
Kd2 Rb1 67. Rc8+ Bxc8 68. bxc8=Q+ Ke7 69. Qc5+ Kf6 70. Qd4+ Kg5 71. Qe5+ 1-0

[Event "13sen.WMH 2003 Senioren"]
[Site "Bad Zwischenahn(17.11.-29.11.2003)"]
[Date "2003.11.29"]
[Round "4.45"]
[White "Winiwarter, Felix,Dr."]
[Black "Thielemann, Joachim"]
[Result "1/2-1/2"]
[WhiteElo "2244"]
[BlackElo "1838"]
[PlyCount "134"]


1. d4 Nf6 2. Nf3 d5 3. c4 c6 4. Nc3 g6 5. e3 Bg7 6. Bd3 O-O 7. O-O Re8 8. Qb3
b6 9. cxd5 cxd5 10. Ne5 e6 11. Bd2 Ba6 12. Bxa6 Nxa6 13. Rac1 Ne4 14. Nxe4 Bxe5
15. Nc3 Bd6 16. Nb5 Nc7 17. Nxd6 Qxd6 18. Qa4 Red8 19. Rc6 Qd7 20. Rfc1 Ne8 21.
Qa6 Nd6 22. Rc7 Qb5 23. Qxb5 Nxb5 24. R7c6 Rd7 25. a4 Nd6 26. b3 Rad8 27. f3
Kg7 28. g4 h6 29. Be1 g5 30. Bg3 Kg6 31. Kf2 Nb7 32. h4 Na5 33. h5+ Kg7 34.
R6c3 f6 35. Ke2 Kf7 36. Kd3 Ke7 37. Kc2 Kf7 38. Kb2 Re8 39. Rc7 Red8 40. Ka3
Ke8 41. R7c3 Kf7 42. Kb4 Re8 43. Rc8 Rxc8 44. Rxc8 Nb7 45. Kb5 Na5 46. b4 Nc4
47. Kc6 Re7 48. Bd6 Re8 49. Rc7+ Kg8 50. Rxa7 Nxe3 51. Kxb6 e5 52. Re7 Nc4+ 53.
Kc5 Nxd6 54. Rxe8+ Nxe8 55. dxe5 Nc7 56. b5 d4 57. Kxd4 Kf7 58. b6 Na6 59. exf6
Kxf6 60. Kd5 Ke7 61. Ke5 Nc5 62. a5 Nd7+ 63. Kf5 Kf7 64. f4 gxf4 65. Kxf4 Kf6
66. Ke4 Ke6 67. Kd4 Kd6 1/2-1/2

[Event "13sen.WMH 2003 Senioren"]
[Site "Bad Zwischenahn(17.11.-29.11.2003)"]
[Date "2003.11.29"]
[Round "5"]
[White "Ahlberg, Guenter"]
[Black "Postel, Richard"]
[Result "1-0"]
[WhiteElo "1932"]
[BlackElo "1690"]
[PlyCount "111"]


1. e4 c5 2. Nf3 Nc6 3. Bb5 a6 4. Bxc6 dxc6 5. d3 g6 6. Be3 Bg7 7. c3 b6 8. h3
e5 9. O-O Be6 10. Qc2 f6 11. d4 c4 12. Rd1 Qc7 13. dxe5 c5 14. exf6 Bxf6 15.
Ng5 Qc6 16. Bf4 Rd8 17. Na3 h6 18. Rxd8+ Bxd8 19. Nf3 Bc7 20. Ne5 Bxe5 21. Bxe5
Rh7 22. Qe2 b5 23. Nc2 Rd7 24. f3 Qc8 25. Rd1 Qd8 26. Rxd7 Qxd7 27. Bf4 Qd3 28.
Kf2 Kd7 29. Qd2 g5 30. Be3 Kc6 31. Ne1 Qd6 32. Qxd6+ Kxd6 33. f4 gxf4 34. Bxf4+
Kc6 35. Nf3 a5 36. Ke3 a4 37. a3 h5 38. Bg5 Kd6 39. Kf4 Bd7 40. Nh4 Ke6 41. Nf5
Nf6 42. Bxf6 Kxf6 43. e5+ Kg6 44. Nd6 h4 45. Ne4 Bc6 46. g3 Bxe4 47. Kxe4 hxg3
48. Kf3 g2 49. Kxg2 Kf5 50. Kf3 Kxe5 51. h4 b4 52. h5 Kf5 53. h6 Kg6 54. Ke4
Kxh6 55. Kd5 bxc3 56. bxc3 1-0

[Event "13sen.WMH 2003 Senioren"]
[Site "Bad Zwischenahn(17.11.-29.11.2003)"]
[Date "2003.11.29"]
[Round "5"]
[White "Assmann, Siegfried"]
[Black "Juergens, Peter"]
[Result "1/2-1/2"]
[WhiteElo "1790"]
[BlackElo "1835"]
[PlyCount "37"]


1. d4 Nf6 2. e3 c5 3. c3 b6 4. Be2 Bb7 5. Bf3 d5 6. Nd2 e6 7. Ne2 Be7 8. Ng3
O-O 9. O-O Qc7 10. e4 cxd4 11. cxd4 dxe4 12. Ndxe4 Nxe4 13. Nxe4 Nd7 14. Be3
Nf6 15. Qd3 Rac8 16. Rfc1 Qd7 17. Rxc8 Rxc8 18. Rd1 Bd5 19. b3 1/2-1/2

[Event "13sen.WMH 2003 Senioren"]
[Site "Bad Zwischenahn(17.11.-29.11.2003)"]
[Date "2003.11.29"]
[Round "5"]
[White "Bakalarczyk, Wlodzimierz"]
[Black "Kaiser, Hans[35BGladb]"]
[Result "1-0"]
[WhiteElo "1905"]
[BlackElo "1583"]
[PlyCount "69"]


1. d4 d5 2. c4 c6 3. cxd5 cxd5 4. Nc3 Nf6 5. Bf4 Nc6 6. e3 Bf5 7. Bb5 e6 8. Nf3
Qb6 9. O-O Be7 10. Ne5 O-O 11. Bxc6 bxc6 12. Na4 Qb5 13. b3 Ba3 14. g4 Bg6 15.
h4 h6 16. Nxg6 fxg6 17. Qc2 Kf7 18. f3 Rac8 19. Nc5 Bxc5 20. dxc5 Rfe8 21. Bd6
e5 22. Rae1 g5 23. Qf5 g6 24. Qc2 Kg7 25. Qc3 Nd7 26. f4 gxh4 27. fxe5 Re6 28.
Rf3 a5 29. Ref1 Kg8 30. Rf7 Qe2 31. Qd4 h3 32. R7f2 Qb5 33. Qf4 Qb4 34. Qf7+
Kh8 35. Qxe6 1-0

[Event "13sen.WMH 2003 Senioren"]
[Site "Bad Zwischenahn(17.11.-29.11.2003)"]
[Date "2003.11.29"]
[Round "5"]
[White "Barlo, Werner"]
[Black "Viner, Phillip"]
[Result "0-1"]
[WhiteElo "1735"]
[BlackElo "2127"]
[PlyCount "50"]


1. e4 e5 2. Nf3 Nc6 3. d4 exd4 4. Nxd4 Nf6 5. Nc3 Bb4 6. f3 O-O 7. Bg5 h6 8.
Bh4 Re8 9. Be2 d5 10. Nxc6 bxc6 11. exd5 Bxc3+ 12. bxc3 Ba6 13. Qd4 Rxe2+ 14.
Kd1 Qxd5 15. Re1 Rae8 16. Rxe2 Rxe2 17. Kc1 c5 18. Qxd5 Nxd5 19. Kb2 Bd3 20.
Rc1 Ne3 21. Bg3 Bxc2 22. Re1 Nc4+ 23. Kc1 Rxg2 24. Bxc7 Bd3 25. Re8+ Kh7 0-1

[Event "13sen.WMH 2003 Senioren"]
[Site "Bad Zwischenahn(17.11.-29.11.2003)"]
[Date "2003.11.29"]
[Round "5"]
[White "Becker, Guenter[40Steinb]"]
[Black "Bergmann, Hans-Dieter"]
[Result "0-1"]
[WhiteElo "1669"]
[BlackElo "1595"]
[PlyCount "52"]


1. c4 Nf6 2. Nc3 d6 3. d4 g6 4. e4 Bg7 5. Nf3 O-O 6. Be2 e5 7. O-O Nc6 8. h3
Nd7 9. d5 Ne7 10. Ne1 a5 11. f4 f5 12. exf5 Nxf5 13. Rf2 e4 14. Nc2 Nc5 15. g4
Ng3 16. Be3 Nxe2+ 17. Rxe2 Nd3 18. Nd4 Nxf4 19. Bxf4 Rxf4 20. Nxe4 Qh4 21. Kg2
Bxg4 22. hxg4 Rxg4+ 23. Kf1 Rf8+ 24. Rf2 Qh3+ 25. Ke1 Rxe4+ 26. Ne2 Qh4 0-1

[Event "13sen.WMH 2003 Senioren"]
[Site "Bad Zwischenahn(17.11.-29.11.2003)"]
[Date "2003.11.29"]
[Round "5"]
[White "Boehm, Karl"]
[Black "Ollek, Karl-Heinz"]
[Result "1/2-1/2"]
[WhiteElo "1615"]
[BlackElo "1606"]
[PlyCount "66"]


1. d4 d5 2. c4 c6 3. cxd5 cxd5 4. Nc3 e6 5. Nf3 Nf6 6. Bg5 Be7 7. e3 O-O 8. Bd3
Nbd7 9. O-O a6 10. Rc1 b5 11. Bb1 Bb7 12. Bf4 Ne8 13. Qd3 f5 14. Rc2 Rc8 15.
Rfc1 Nd6 16. b3 Ne4 17. Ne5 Ba3 18. Rd1 g5 19. Nxd7 Qxd7 20. Be5 Nxc3 21. Rxc3
Rxc3 22. Qxc3 Rc8 23. Qd2 Bd6 24. Bxd6 Qxd6 25. Rc1 Rxc1+ 26. Qxc1 Qc6 27. Qxc6
Bxc6 28. b4 h5 29. f3 Kg7 30. Kf2 h4 31. g3 hxg3+ 32. Kxg3 Kf6 33. f4 g4
1/2-1/2

[Event "13sen.WMH 2003 Senioren"]
[Site "Bad Zwischenahn(17.11.-29.11.2003)"]
[Date "2003.11.29"]
[Round "5"]
[White "Boeven, Manfred"]
[Black "Hesselbarth, Karlheinz"]
[Result "1-0"]
[WhiteElo "2005"]
[BlackElo "1720"]
[PlyCount "111"]


1. d4 Nf6 2. Nc3 d5 3. Bg5 e6 4. Nf3 Be7 5. e3 O-O 6. Bd3 Nbd7 7. O-O b6 8. Ne5
Bb7 9. f4 c5 10. Qe1 Ne4 11. Bxe7 Qxe7 12. Nxd7 Qxd7 13. Bxe4 dxe4 14. dxc5
bxc5 15. Rd1 Qe7 16. Rf2 Rad8 17. Rfd2 Rxd2 18. Qxd2 Bc6 19. Qd6 Qxd6 20. Rxd6
Rc8 21. Kf2 Kf8 22. b3 Ke7 23. Rd1 Rc7 24. Ke1 Ke8 25. Nb1 f6 26. Kd2 Rd7+ 27.
Kc1 Rxd1+ 28. Kxd1 Kd7 29. Kd2 Kd6 30. Na3 Kc7 31. Kc3 a6 32. Nc4 Bd5 33. a3 h6
34. b4 cxb4+ 35. Kxb4 g5 36. g3 Kc6 37. Na5+ Kd6 38. c4 Ba8 39. c5+ Kc7 40. Nb3
e5 41. fxe5 fxe5 42. Nd2 Bd5 43. a4 Kc6 44. a5 g4 45. Nb1 Kc7 46. Na3 Kc6 47.
Nc2 h5 48. Na3 Kd7 49. Nb1 Kc7 50. Nc3 Bc6 51. Kc4 Kd7 52. Nd5 Bb5+ 53. Kb4 Kd8
54. c6 Kc8 55. Kc5 Kb8 56. Kb6 1-0

[Event "13sen.WMH 2003 Senioren"]
[Site "Bad Zwischenahn(17.11.-29.11.2003)"]
[Date "2003.11.29"]
[Round "5"]
[White "Bolduan, Albrecht"]
[Black "Olberg, Gerhard"]
[Result "0-1"]
[WhiteElo "1368"]
[BlackElo "1630"]
[PlyCount "84"]


1. d4 Nf6 2. e3 e6 3. c4 b6 4. Be2 Bb7 5. Bf3 d5 6. Nd2 Be7 7. Qb3 O-O 8. Ne2
Nbd7 9. Nf4 c6 10. O-O g5 11. Nd3 h5 12. Qc3 g4 13. Be2 Bd6 14. f3 Kg7 15. Rf2
g3 16. hxg3 Bxg3 17. Rf1 Rh8 18. f4 Ng4 19. Nf3 f5 20. Bd2 h4 21. Ng5 Qe7 22.
Bxg4 fxg4 23. Be1 Bxe1 24. Qxe1 Nf6 25. cxd5 exd5 26. Kf2 Ne4+ 27. Nxe4 Qxe4
28. Ne5 Ba6 29. Rh1 g3+ 30. Kg1 Kf6 31. Nf3 h3 32. Rc1 Rac8 33. Rxh3 Rxh3 34.
Ng5 Rh1+ 35. Kxh1 Rh8+ 36. Kg1 Qe8 37. Qxg3 Kf5 38. Qe1 Bd3 39. Kf2 Qh5 40. Nh3
Rg8 41. Kg1 Qxh3 42. g4+ Rxg4+ 0-1

[Event "13sen.WMH 2003 Senioren"]
[Site "Bad Zwischenahn(17.11.-29.11.2003)"]
[Date "2003.11.29"]
[Round "5"]
[White "Bromberger, Guenter"]
[Black "Becker, Karl-Heinz[31Köln]"]
[Result "1/2-1/2"]
[WhiteElo "1413"]
[BlackElo "1534"]
[PlyCount "47"]


1. d4 Nf6 2. c4 d6 3. Nf3 g6 4. Nc3 Bg7 5. Bg5 Nbd7 6. e3 O-O 7. g3 c6 8. Bg2
Rb8 9. O-O h6 10. Bxf6 exf6 11. Nd2 f5 12. Rb1 Nf6 13. d5 c5 14. Qc2 Re8 15. b4
cxb4 16. Rxb4 a6 17. Ne2 a5 18. Rbb1 Nd7 19. Nd4 Nc5 20. Nb5 Qe7 21. Nf3 b6 22.
Rbd1 Ba6 23. a4 Bxb5 24. cxb5 1/2-1/2

[Event "13sen.WMH 2003 Senioren"]
[Site "Bad Zwischenahn(17.11.-29.11.2003)"]
[Date "2003.11.29"]
[Round "5"]
[White "Buss, Richard"]
[Black "Weller, Friedhelm"]
[Result "0-1"]
[WhiteElo "1404"]
[BlackElo "1704"]
[PlyCount "132"]


1. e4 e5 2. d4 Qe7 3. dxe5 Nc6 4. Nf3 Nxe5 5. Nxe5 Qxe5 6. Bd3 Nf6 7. Qe2 d6 8.
f3 Be7 9. Nd2 Nh5 10. Nc4 Qf6 11. Qf2 Qe6 12. Be3 b6 13. Nd2 Bb7 14. O-O Nf6
15. Rfe1 O-O 16. Kh1 Kh8 17. Bc4 Qd7 18. Rad1 Qc6 19. Qf1 a6 20. Bd3 Nd7 21. c3
Ne5 22. Bc2 b5 23. Qf2 Qe8 24. b4 Bc8 25. Bd4 Ng6 26. Qe3 f6 27. Nf1 Be6 28. a3
Qf7 29. Ng3 Rfe8 30. Nh5 Bf8 31. Nf4 Nxf4 32. Qxf4 c5 33. Be3 a5 34. bxa5 Rxa5
35. Bc1 Bb3 36. Qd2 Bxc2 37. Qxc2 Ra4 38. Qf2 Qc4 39. Bb2 h6 40. h3 Re5 41. Qd2
Qe6 42. Qe2 c4 43. f4 Rc5 44. Rf1 d5 45. e5 Bd6 46. Rfe1 fxe5 47. fxe5 Be7 48.
Rd4 Rc8 49. Red1 Rd8 50. Re1 Bxa3 51. Bxa3 Rxa3 52. Qb2 Rb3 53. Qa1 Rf8 54. Rg4
Kh7 55. Qc1 Rf2 56. Qe3 Rbb2 57. Rg3 Ra2 58. Qc5 Rxg2 59. Rg4 Rh2+ 60. Kg1 Rxh3
61. Qd4 Rah2 62. Rg2 Rh1+ 63. Kf2 Qf5+ 64. Ke2 Qf3+ 65. Kd2 Qxg2+ 66. Re2 Qg6
0-1

[Event "13sen.WMH 2003 Senioren"]
[Site "Bad Zwischenahn(17.11.-29.11.2003)"]
[Date "2003.11.29"]
[Round "5"]
[White "Daitche, Josef"]
[Black "Moeckel, Edgar,Dr."]
[Result "1-0"]
[WhiteElo "1649"]
[BlackElo "1805"]
[PlyCount "153"]


1. Nf3 d5 2. c4 c6 3. e3 Nf6 4. Nc3 Bg4 5. cxd5 Nxd5 6. Be2 e6 7. O-O Nd7 8. d4
Bd6 9. Ne4 Be7 10. Bd2 O-O 11. Rc1 h6 12. h3 Bf5 13. Ng3 Bg6 14. Qb3 Qb6 15.
Qa4 Qxb2 16. e4 N5b6 17. Qa5 Qa3 18. Rb1 Qxa5 19. Bxa5 Bd6 20. Nd2 Rab8 21. f4
f5 22. e5 Be7 23. Bf3 Rfc8 24. Ne2 Nd5 25. Nb3 b6 26. Bd2 c5 27. Kh2 c4 28. Na1
b5 29. Bxd5 exd5 30. Nc3 Bf7 31. Rxb5 Rxb5 32. Nxb5 a6 33. Nc3 Rb8 34. Re1 Be6
35. Rb1 Rxb1 36. Nxb1 Nb8 37. Nc2 Nc6 38. Kg3 Kf7 39. Kf3 Bd7 40. Ke3 Ke6 41.
a3 g5 42. g3 a5 43. Kf3 Be8 44. g4 Bg6 45. Nc3 fxg4+ 46. hxg4 Bxc2 47. f5+ Kf7
48. Ke3 Bxa3 49. Nxd5 Bb2 50. e6+ Kf8 51. Nc3 a4 52. d5 Nb4 53. d6 a3 54. f6
Nc6 55. d7 a2 56. e7+ Kf7 57. e8=Q+ Kxf6 58. Nd5+ Kg7 59. Ne7 Bd4+ 60. Kf3 Ne5+
61. Kg3 Nxd7 62. Qg8+ Kf6 63. Nd5+ Ke5 64. Qe8+ Kxd5 65. Qxd7+ Ke5 66. Qe7+ Kd5
67. Qb7+ Ke5 68. Qb5+ Kf6 69. Qa6+ Kg7 70. Qxa2 Bd3 71. Qa5 Bf6 72. Bb4 Kf7 73.
Qd5+ Kg7 74. Qd7+ Kg8 75. Qe8+ Kh7 76. Qf7+ Bg7 77. Bf8 1-0

[Event "13sen.WMH 2003 Senioren"]
[Site "Bad Zwischenahn(17.11.-29.11.2003)"]
[Date "2003.11.29"]
[Round "5"]
[White "Dirksen, Arno"]
[Black "Mueller, Heinz[41Sandersd]"]
[Result "0-1"]
[WhiteElo "1678"]
[BlackElo "1777"]
[PlyCount "120"]


1. e4 c5 2. Nf3 d6 3. d4 cxd4 4. Nxd4 Nf6 5. Nc3 a6 6. Be2 Bd7 7. O-O Nc6 8.
Be3 Rc8 9. f3 g6 10. Nd5 Nxd5 11. exd5 Nxd4 12. Bxd4 f6 13. c4 Bg7 14. b3 O-O
15. Rc1 Qa5 16. Kh1 f5 17. Rc2 Bxd4 18. Qxd4 Qc5 19. Qd2 b5 20. Rfc1 b4 21. Qg5
Rf7 22. Rd1 Kg7 23. Qc1 a5 24. Bd3 a4 25. Re2 a3 26. Rde1 Re8 27. Qa1+ Kg8 28.
Qc1 Kg7 29. Bb1 Bc8 30. Qg5 Qa7 31. Qd2 Qc5 32. Rc1 Bd7 33. Qe3 Qxe3 34. Rxe3
Rc8 35. f4 Kf6 36. Rf3 Rc5 37. h3 h5 38. Rg1 h4 39. g3 Rh7 40. g4 e6 41. gxf5
exf5 42. Re3 Rc8 43. Rc1 Re7 44. Rxe7 Kxe7 45. Re1+ Kf6 46. Kg2 Re8 47. Kf2
Rxe1 48. Kxe1 g5 49. fxg5+ Kxg5 50. Kf2 Kf4 51. Bd3 Ke5 52. Ke1 f4 53. Bf1 Kd4
54. Kd2 Bf5 55. Kc1 Ke3 56. c5 dxc5 57. d6 Kf2 58. Bb5 Bxh3 59. d7 Bxd7 60.
Bxd7 Kg3 0-1

[Event "13sen.WMH 2003 Senioren"]
[Site "Bad Zwischenahn(17.11.-29.11.2003)"]
[Date "2003.11.29"]
[Round "5"]
[White "Fanenbruck, Guenter"]
[Black "Bodenstein, Joachim"]
[Result "1/2-1/2"]
[WhiteElo "1593"]
[BlackElo "1862"]
[PlyCount "98"]


1. e4 e5 2. Nf3 Nc6 3. d4 exd4 4. Nxd4 Nf6 5. Nc3 Bb4 6. Nxc6 bxc6 7. Bd3 d5 8.
exd5 cxd5 9. O-O O-O 10. Bg5 Bb7 11. Qf3 h6 12. Bxf6 Qxf6 13. Qxf6 gxf6 14. Ne2
Rfe8 15. c3 Bf8 16. Rfe1 Re5 17. Nd4 Rae8 18. Nf3 Rxe1+ 19. Rxe1 Rxe1+ 20. Nxe1
Kg7 21. Nf3 Bc8 22. Nd4 c5 23. Nf5+ Bxf5 24. Bxf5 h5 25. g3 Bd6 26. f4 h4 27.
Kf2 hxg3+ 28. Kxg3 a5 29. h3 Kf8 30. Bc8 Ke8 31. Bb7 d4 32. cxd4 cxd4 33. Be4
Kd7 34. Kg4 Ke6 35. Bc2 Kd5 36. Bd3 Bf8 37. Kf5 Bh6 38. b3 Kc5 39. a3 Kd5 40.
h4 Kc5 41. Bc4 a4 42. h5 d3 43. Bxd3 axb3 44. Kxf6 Kd4 45. Bf5 Kc3 46. Kxf7 b2
47. Kg6 Bxf4 48. h6 Kb3 49. h7 Be5 1/2-1/2

[Event "13sen.WMH 2003 Senioren"]
[Site "Bad Zwischenahn(17.11.-29.11.2003)"]
[Date "2003.11.29"]
[Round "5"]
[White "Filzmaier, Bruno"]
[Black "Brandt, Wilhelm"]
[Result "0-1"]
[WhiteElo "1784"]
[BlackElo "1871"]
[PlyCount "144"]


1. a3 e5 2. e3 d5 3. d4 exd4 4. exd4 h6 5. Bd3 Nf6 6. Nf3 Bd6 7. O-O O-O 8. c3
Re8 9. Nbd2 c6 10. Re1 Nbd7 11. h3 b6 12. Nf1 Ne4 13. Be3 f5 14. Rc1 b5 15. a4
a6 16. b4 Nf8 17. a5 Qf6 18. Rc2 Bd7 19. Bc1 Re7 20. Bb2 Rae8 21. Rce2 Nh7 22.
N3h2 Qh4 23. f3 Nf2 24. Qc2 Nxd3 25. Qxd3 Qxe1 26. Rxe1 Rxe1 27. Kf2 Nf6 28. g3
Kf7 29. Qd2 Nh5 30. Qxe1 Rxe1 31. Kxe1 Nxg3 32. Kf2 Nxf1 33. Nxf1 g5 34. Bc1
Kg6 35. Kg2 f4 36. Bd2 h5 37. Nh2 Bf5 38. Be1 Bc2 39. Bd2 Kf5 40. Kf2 Be7 41.
Kg2 Bd1 42. Be1 Bf6 43. Bd2 Bd8 44. Be1 Bc7 45. Bd2 c5 46. dxc5 Ke5 47. Be1 d4
48. Nf1 Kd5 49. cxd4 Kxd4 50. Nd2 Bc2 51. Kf2 Bf5 52. Kg2 Be5 53. Bf2+ Kd5 54.
Ne4 Bxe4 55. fxe4+ Kxe4 56. Be1 g4 57. hxg4 hxg4 58. Bh4 f3+ 59. Kf2 Kd5 60.
Ke3 Bc3 61. Kf4 Bxb4 62. Kxg4 Bxa5 63. Bf2 Bb4 64. Kxf3 Bxc5 65. Be1 Kc4 66.
Ke2 Bd4 67. Kd1 b4 68. Kc2 a5 69. Kb1 Kb3 70. Bd2 a4 71. Bc1 a3 72. Bb2 a2+ 0-1

[Event "13sen.WMH 2003 Senioren"]
[Site "Bad Zwischenahn(17.11.-29.11.2003)"]
[Date "2003.11.29"]
[Round "5"]
[White "Frauenfelder, Rudolf"]
[Black "Wolffram, Gert"]
[Result "1/2-1/2"]
[WhiteElo "1926"]
[BlackElo "1794"]
[PlyCount "71"]


1. c4 c6 2. Nc3 d5 3. cxd5 cxd5 4. d4 Nf6 5. Nf3 e6 6. Bf4 Bd7 7. e3 Be7 8. Bd3
Nh5 9. Bxb8 Rxb8 10. Rc1 a6 11. O-O Nf6 12. Ne5 O-O 13. f4 g6 14. g4 Ne8 15. f5
Bg5 16. Qf3 Nd6 17. fxg6 hxg6 18. Rc2 Kg7 19. e4 f6 20. Nxd7 Qxd7 21. exd5 exd5
22. Nxd5 Ne8 23. Re1 Rf7 24. Rd1 Nd6 25. Nc3 Re8 26. Nd5 f5 27. Rc7 Qe6 28.
Rxf7+ Qxf7 29. gxf5 Nxf5 30. Bc4 Qe6 31. Bb3 Qe2 32. Qxe2 Rxe2 33. Nc7 Be3+ 34.
Kh1 Nxd4 35. Rxd4 Bxd4 36. Ne6+ 1/2-1/2

[Event "13sen.WMH 2003 Senioren"]
[Site "Bad Zwischenahn(17.11.-29.11.2003)"]
[Date "2003.11.29"]
[Round "5"]
[White "Gestrich, Wolfgang,Prof.Dr."]
[Black "Stiemerling, Karl-Heinz"]
[Result "1/2-1/2"]
[WhiteElo "1401"]
[BlackElo "1623"]
[PlyCount "143"]


1. c4 c5 2. Nc3 Nf6 3. g3 Nc6 4. Bg2 d6 5. h3 Bd7 6. d3 e6 7. e4 Rb8 8. a3 Be7
9. Rb1 a5 10. Nge2 Nd4 11. Nxd4 cxd4 12. Ne2 e5 13. f4 b5 14. cxb5 Rxb5 15. f5
a4 16. O-O Rb3 17. g4 O-O 18. g5 Nh5 19. Bf3 g6 20. Bxh5 gxh5 21. f6 Bxh3 22.
fxe7 Qxe7 23. Rf6 Bg4 24. Qd2 Kh8 25. Ng3 Rg8 26. Nf5 Bxf5 27. Rxf5 f6 28. Kf1
fxg5 29. Rxg5 Rf8+ 30. Ke2 Qe6 31. Qe1 Qh3 32. Rg3 Qh2+ 33. Kd1 Rf2 34. Rh3
Qxh3 35. Qxf2 Rxd3+ 36. Bd2 Rf3 37. Qe2 Rf1+ 38. Kc2 Qc8+ 39. Bc3 Rxb1 40. Kxb1
dxc3 41. Qxh5 Qe6 42. Qf3 Kg7 43. Qxc3 h5 44. Qa5 Qd7 45. Qd2 Kg6 46. Qd5 Kg5
47. Qg8+ Kf4 48. Qg6 h4 49. Qh6+ Kxe4 50. Qxh4+ Kd5 51. Qb4 Qf5+ 52. Ka2 Qf4
53. Qb5+ Ke6 54. Qe8+ Kf6 55. Qf8+ Ke6 56. Qe8+ Kf5 57. Qf8+ Kg4 58. Qxd6 Qc4+
59. Kb1 e4 60. Qg6+ Kf3 61. Qf5+ Ke2 62. Qg4+ Kd2 63. Qd7+ Qd3+ 64. Qxd3+ Kxd3
65. Kc1 e3 66. Kd1 e2+ 67. Ke1 Kc2 68. Kxe2 Kxb2 69. Kd2 Kxa3 70. Kc3 Ka2 71.
Kc2 Ka1 72. Kc1 1/2-1/2

[Event "13sen.WMH 2003 Senioren"]
[Site "Bad Zwischenahn(17.11.-29.11.2003)"]
[Date "2003.11.29"]
[Round "5"]
[White "Gutknecht, Christa"]
[Black "Kuhnert, Werner"]
[Result "1-0"]
[WhiteElo "1666"]
[BlackElo "1290"]
[PlyCount "77"]


1. d4 d5 2. Nf3 e6 3. e3 Nf6 4. Bd3 c6 5. Nbd2 Nbd7 6. O-O Bd6 7. c3 O-O 8. e4
e5 9. exd5 cxd5 10. dxe5 Nxe5 11. Nxe5 Bxe5 12. Nf3 Bd6 13. Bg5 h6 14. Bh4 Bg4
15. h3 Bh5 16. Be2 g5 17. Bg3 Bxg3 18. fxg3 Qc7 19. g4 Bg6 20. Nxg5 Qc5+ 21.
Kh1 Kg7 22. Rxf6 Kxf6 23. Nf3 Rad8 24. Qd2 Kg7 25. Rf1 f6 26. Nd4 Qd6 27. Bd3
Qe5 28. Bxg6 Qg5 29. Ne6+ Kxg6 30. Nxg5 hxg5 31. Re1 Rf7 32. Re6 Kg7 33. Qe3 b6
34. Re7 Rd6 35. Rxf7+ Kxf7 36. Qd3 Ke6 37. Kg1 Rc6 38. Qf5+ Kd6 39. Qxf6+ 1-0